La Historia de las guerras : (Registro nro. 30468)
[ vista simple ]
| 000 -LEADER | |
|---|---|
| fixed length control field | 00924nam a2200241Ia 4500 |
| 003 - CONTROL NUMBER IDENTIFIER | |
| control field | CO-CtgCURN |
| 005 - DATE AND TIME OF LATEST TRANSACTION | |
| control field | 20250409212008.0 |
| 008 - FIXED-LENGTH DATA ELEMENTS--GENERAL INFORMATION | |
| fixed length control field | 190726s2004 xx g 000 0 spa d |
| 020 ## - INTERNATIONAL STANDARD BOOK NUMBER | |
| International Standard Book Number | 9589740553 |
| 040 ## - CATALOGING SOURCE | |
| Original cataloging agency | CO-CtgCURN |
| Language of cataloging | spa |
| Transcribing agency | coctgcurn |
| 082 ## - DEWEY DECIMAL CLASSIFICATION NUMBER | |
| Classification number | 986.106 |
| Item number | P226h |
| 100 ## - MAIN ENTRY--PERSONAL NAME | |
| Personal name | Pardo Rueda, Rafael |
| 9 (RLIN) | 1673 |
| 245 #0 - TITLE STATEMENT | |
| Title | La Historia de las guerras : |
| Remainder of title | desde la independencia hasta nuestros días, una crónica completa de las guerras en Colombia / |
| Statement of responsibility, etc. | Rafael Pardo Rueda |
| 260 ## - PUBLICATION, DISTRIBUTION, ETC. | |
| Place of publication, distribution, etc. | Bogotá, Colombia : |
| Name of publisher, distributor, etc. | Vergara, |
| Date of publication, distribution, etc. | 2004 |
| 300 ## - PHYSICAL DESCRIPTION | |
| Extent | 748 páginas ; |
| Dimensions | 26 centímetros |
| 521 ## - TARGET AUDIENCE NOTE | |
| Target audience note | AREA BASICA |
| 590 ## - LOCAL NOTE (RLIN) | |
| Local note | Todos los programas acádemicos |
| 650 ## - SUBJECT ADDED ENTRY--TOPICAL TERM | |
| Topical term or geographic name entry element | Conflicto armado |
| Geographic subdivision | Colombia |
| 9 (RLIN) | 1674 |
| 650 ## - SUBJECT ADDED ENTRY--TOPICAL TERM | |
| Topical term or geographic name entry element | Guerra |
| Geographic subdivision | Colombia |
| 9 (RLIN) | 1675 |
| 942 ## - ADDED ENTRY ELEMENTS (KOHA) | |
| Koha item type | Libros |
| Classification part | 986.106 |
| Item part | P226h |
| Source of classification or shelving scheme | Dewey Decimal Classification |
| Withdrawn status | Lost status | Source of classification or shelving scheme | Damaged status | Not for loan | Collection | Home library | Current library | Shelving location | Date acquired | Inventory number | Total checkouts | Full call number | Barcode | Date last seen | Copy number | Price effective from | Koha item type |
|---|---|---|---|---|---|---|---|---|---|---|---|---|---|---|---|---|---|
| Dewey Decimal Classification | Miguel Henríquez Castañeda Barranquilla | Miguel Henríquez Castañeda Barranquilla | General | 05/23/2018 | 00522 | 986.106 P226h | 00522 | 07/26/2019 | ej.1 | 07/26/2019 | Libros | ||||||
| Dewey Decimal Classification | Miguel Henríquez Castañeda Barranquilla | Miguel Henríquez Castañeda Barranquilla | General | 05/23/2018 | 00523 | 986.106 P226h | 00523 | 07/26/2019 | ej.2 | 07/26/2019 | Libros |